LEADER 01366nam a2200301 u 4500 001 000000110487 003 CaOOAMICUS 005 20080310121437.0 008 080310s1996 it u000 u ita u 020 $a88-211-6276-1 040 $aPUL$bita$dMCT 041 1 $aita$hrus 100 1 $aSolov'ëv, Vladimir Sergeevic,$d1853-1900.$0(OLS)http://pul/name/21077 240 10$aTri rasgovora, o voinié, progressie i kontsié vsiemirnoi istorii so vkliuceniem kratkoi poviesti ob antichristie i s prilozeniiami.$lItaliano.$0(OLS)http://pul/title/83792 245 12$aI tre dialoghi e il racconto dell'Anticristo /$cVladimir Soloviev. 246 30$aRacconto dell'Anticristo 260 $aGenova :$bMarietti,$c1996. 300 $aLXXIX, 281 p. ;$c17 cm. 490 1 $aI Rombi 650 4$aAnticristo.$0(OLS)http://pul/subject/8093 830 2$aI Rombi.$0(OLS)http://pul/title/3958 850 $aPUL 852 $aPUL$W1$xDP1 Cons. Gen., Altre Classi 1$y22$m741 D 44$j126568$qStampati$B125293$CPULBib$Z2$F125293 $H76018 $82 941 1 $a8 996 $6020$a88-211-6276-1$9(OLS)http://pul/number/137481 996 $6245$aI tre dialoghi e il racconto dell'Anticristo$9(OLS)http://pul/title/138936 996 $6246$aRacconto dell'Anticristo$9(OLS)http://pul/title/138938 996 $6260$aGenova :$bMarietti$9(OLS)http://pul/publisher/48994 LEADER 00988naa a2200217 u 4500 001 000000096946 003 CaOOAMICUS 005 20070226130148.0 008 050415s1984 gw u000 u ger u 020 $a3428056787 035 $a11039573 040 $aIAR$bita 100 1 $aAymans, Winfried.$0(OLS)http://pul/name/7959 245 10$aErwägungen über die inneren Wesensmerkmale eines kanonischen Gesetzesbegriffes /$cWinfried Aymans. 260 $aBerlin :$bDuncker & Humblot,$c1984. 300 $aS. 193-204 ;$c24 cm 773 0 $aPro Fide et Iustitia : Festschrift für Agostino Kardinal Casaroli zum 10. Geburtstag. 773 0 $tPro Fide et Iustitia : Festschrift für Agostino Kardinal Casaroli zum 70. Geburstag$w()17765 996 $6020$a3428056787$9(OLS)http://pul/number/22886 996 $6245$aErwägungen über die inneren Wesensmerkmale eines kanonischen Gesetzesbegriffes$9(OLS)http://pul/title/123829 996 $6260$aBerlin :$bDuncker & Humblot$9(OLS)http://pul/publisher/54495 LEADER 01683nam a2200361 u 4500 001 000000061971 003 CaOOAMICUS 005 20070226121101.0 008 010917s1997 it u000 u ita u 020 $a8818011200 035 $a10903231 040 $aPUL$bita 041 1 $aita$heng 100 1 $aHayek, Friedrich A.,$d1899-1992.$0(OLS)http://pul/name/14948 240 10$aFatal conceit : the errors of socialism.$lItaliano.$0(OLS)http://pul/title/82710 245 13$aLa presunzione fatale :$bgli errori del socialismo /$cFriedrich August von Hayek ; a cura di W.W. Bartley, III ; edizione italiana a cura di Dario Antiseri ; traduzione italiana di Fabrizio Mattesini. 260 $aMilano :$bRusconi,$c1997. 300 $a263 p. ;$c21 cm 490 1 $aProblemi attuali.$aFilosofia 500 $aContiene indice dei nomi. 650 4$aSocialismo.$0(OLS)http://pul/subject/3492 650 4$aPolitica e filosofia.$0(OLS)http://pul/subject/1771 700 1 $aBartley, William Warren III.$0(OLS)http://pul/name/40205 700 1 $aMattesini, Fabrizio.$0(OLS)http://pul/name/42267 700 1 $aAntiseri, Dario,$d1940-$0(OLS)http://pul/name/1978 830 0$aProblemi attuali.$pFilosofia.$0(OLS)http://pul/title/49 850 $aPUL 852 $aPUL$W1$xSL Religione 2$y84$mRH D3 85$j80656$nBK-PRI$b $qStampati altre collocazioni$B80656$CPULBib$Z2$F80656 $H $81 941 1 $a10 961 $aINV: 85475 996 $6020$a8818011200$9(OLS)http://pul/number/80306 996 $6245$aLa presunzione fatale :$bgli errori del socialismo$9(OLS)http://pul/title/82711 996 $6260$aMilano :$bRusconi$9(OLS)http://pul/publisher/47863